| 000 | 00776nam a22002057a 4500 | ||
|---|---|---|---|
| 003 | OSt | ||
| 005 | 20130621125615.0 | ||
| 008 | 130621s1995 sp ||||| |||| 10| 0 spa d | ||
| 022 | _a1134-1254 | ||
| 040 | _cCDMR | ||
| 245 | 0 | 0 | _aSer periodista en el Mediterráneo |
| 260 |
_aBarcelona _bCentre Internacional de Premsa de Barcelona (CIPB) |
||
| 260 |
_bQuasar _c1995 |
||
| 300 | _a206 p. | ||
| 500 | _aAportacions a la taula rodona "Práctica del periodismo en el Mediterráneo" que es va dur a terme al Palais de Pharo de Marsella, entre el 9 i el 12 de març de 1994. | ||
| 500 | _aNúmero especial de cuatroSemanas y Le Monde Diplomatique | ||
| 650 | 0 | 4 |
_93782 _aPeriodistes _xPràctica professional |
| 650 | 0 | 4 |
_93866 _aPeriodisme _zMediterrània, Regió |
| 942 |
_2udc _cMON |
||
| 999 |
_c6516 _d6516 |
||